Coxsackieviruses

Bibliographic Details
Main Author: Bocharov, E. (Author)
Format: Article
Language:English

MARC

LEADER 00000nab a2200000uu 4500
001 vtls011455395
003 SK-MaSNL
005 20260303151516.0
008 230222|1990 xo |||||||||||||||||eng|
015 |a SNBRB 
035 |a (urnnbn)urn:nbn:sk:snk:ar-a07s2a 
035 |a (uuid)ad821da2-5dc9-44b0-a976-21c3cc07de3b 
035 |a urn:nbn:sk:snk-abcqga 
040 |a SNKBUCL  |b slo  |c SNKBUCL  |e AACR2 
041 0 |a eng 
044 |a xo  |c SK 
100 1 |a Bocharov, E.  |4 aut  |9 1171181 
245 1 0 |a Coxsackieviruses  |c E. Bocharov 
773 0 |t Acta virologica  |g Roč. 34, č. 5 (1990), s. 496 
958 |a OND 
958 |a EUIPO 
958 |a article16 
999 |c 2017995  |d 2019925